000 00323nam a2200121Ia 4500
008 220217s9999 xx 000 0 und d
245 0 _aSpecification for rubber rollers for offset printing.
260 _c1985
500 _aStandard number: IS 11356
650 _aOffset printing
650 _aRubber rollers
942 _cST
999 _c73436
_d73436